| 000 | 00446 a2200157 4500 | ||
|---|---|---|---|
| 003 | OSt | ||
| 005 | 20230822131127.0 | ||
| 008 | 230822b |||||||| |||| 00| 0 eng d | ||
| 020 | _a9788189301989 | ||
| 040 | _coclc | ||
| 082 |
_a658 _bDAN/N |
||
| 245 | _aTRUEMANS NTA UGC NET SET COMMERCE / | ||
| 260 |
_aNew Delhi: _bDanika publishing company, _c2023. |
||
| 300 | _a1124 p | ||
| 942 |
_2ddc _cBK _h658 _iDAN/N _k658 _mDAN/N |
||
| 999 |
_c41949 _d41949 |
||